[Event "Top 12 FRA-chT 2017"]
[Site "Chartres"]
[Date "2017.05.26"]
[Round "9"]
[White "Van Foreest, Jorden"]
[Black "Marcelin, Cyril"]
[Result "0-1"]
[WhiteElo "2595"]
[BlackElo "2472"]
[Annotator "TA"]
[PlyCount "86"]
[EventDate "2017.??.??"]
[EventType "team-tourn"]
[EventCountry "FRA"]
[SourceTitle "playchess.com"]
[Source "ChessBase"]
[SourceQuality "1"]
[WhiteTeam "Clichy"]
[BlackTeam "Saint Quentin"]

{[%evp 9,86,5,12,16,43,39,44,26,17,25,18,14,17,7,8,0,0,0,0,0,0,-20,-5,-87,-26,-58,-35,-84,-8,-15,0,-57,-13,-41,0,0,19,17,144,133,169,148,160,132,171,166,131,41,46,63,42,64,114,14,18,-370,-380,-501,-496,-800,-493,-487,-486,-478,-466,-603,-578,-707,-702,-683,-654,-725,-425,-811,-729,-29976,-29978,-29976,-29975]} 1. e4 e6 2. d4 d5 3. exd5 exd5 4. Bf4 Bd6 5. Qd2 (5. Bxd6 Qxd6 6. c3 Bf5 7. Bd3 Bxd3 8. Qxd3 Ne7 9. Ne2 Nd7 10. Nd2 O-O 11. O-O {½-½ (11) Vovk,A (2617)-Vovk,Y (2626) Fagernes 2015}) 5... Bf5 6. Nc3 {C01: French: Exchange Variation} c6 7. O-O-O Ne7 8. f3 {White is slightly better.} Qc7 9. Bxd6 Qxd6 10. g4 Be6 11. Bd3 $146 ({Predecessor:} 11. Nge2 h5 12. Nf4 hxg4 13. Nxe6 Qxe6 14. fxg4 {½-½ (29) Leino,J (2211)-Koskinen,M (2096) Jyvaskyla 2003}) 11... h5 12. Qg5 hxg4 13. fxg4 Nd7 14. h3 f6 15. Qe3 {[#]} Bxg4 $1 {[%mdl 512]} 16. Re1 {[#]} (16. Nge2 $1 $11 {keeps the balance.} Bxe2 17. Nxe2) (16. hxg4 Rxh1) 16... Kf7 (16... Nf8 $1 $17) 17. Nge2 {[%cal Bg1e2,Be2f4,Bf4d3,Bd3e5][%mdl 32]} Bf5 $1 ({Don't play} 17... Nf5 $6 18. Qf2 $14 (18. Qg1 Bxe2 19. Nxe2 Nh4 $11)) 18. Nf4 Bxd3 (18... g5 $17 19. Nfe2 Rae8) 19. Nxd3 $11 Ng6 20. Reg1 ({Reject} 20. Rhg1 Rae8 $17) (20. Qf2 $11) 20... Rh4 $15 21. Rg3 Re8 22. Qf2 $36 {[%mdl 2048] Rxg6! is the strong threat. White fights for an advantage.} Ndf8 ({Avoid the trap} 22... Rf4 $2 23. Qg2 $18) 23. Rhg1 Rh6 (23... Kg8 $11) 24. Ne5+ $1 $16 Rxe5 25. dxe5 Qxe5 26. Qxa7 Qc7 27. a4 Ne6 {[#]} 28. a5 (28. Ne2 $1 $16) 28... Ngf4 $14 29. a6 Rh8 30. Kb1 g5 {[%cal Bg7g5,Bg5h4][%mdl 32]} 31. axb7 (31. h4 $16) 31... Rb8 $11 32. Nb5 $2 {[%mdl 8192]} (32. h4 $11 {and White stays safe.}) 32... cxb5 $19 33. h4 {[%cal Rh4g5]} Ne2 34. Rf3 (34. Qf2 $142 Nxg3 35. Rxg3) 34... Nxg1 35. Qxg1 {intending hxg5.} gxh4 36. Qf2 Qe5 37. Re3 Qh5 38. Rf3 Rxb7 39. Rxf6+ Ke7 40. Rf5 Qd1+ 41. Ka2 {Hoping for Rf7+.} Kd6 42. Qh2+ Kc5 43. Qf2+ Nd4 {Precision: White = 34%, Black = 51%.} 0-1

[Event "Top 12 FRA-chT 2017"]
[Site "Chartres"]
[Date "2017.05.26"]
[Round "9"]
[White "Baklan, Vladimir"]
[Black "Abergel, Thal"]
[Result "1-0"]
[WhiteElo "2594"]
[BlackElo "2457"]
[Annotator "TA"]
[PlyCount "111"]
[EventDate "2017.??.??"]
[EventType "team-tourn"]
[EventCountry "FRA"]
[SourceTitle "playchess.com"]
[Source "ChessBase"]
[SourceQuality "1"]
[WhiteTeam "Strasbourg"]
[BlackTeam "Tremblay-En-France"]

{[%evp 9,111,26,26,11,26,18,25,23,16,16,21,16,17,22,21,20,12,27,50,31,81,71,66,55,50,46,45,35,40,49,41,33,28,22,49,15,46,51,86,24,69,77,64,75,69,70,63,30,25,27,31,11,59,10,93,91,177,156,145,118,596,601,888,144,558,260,260,260,12816,5759,1505,735,735,727,714,695,673,658,641,605,620,579,1109,853,1727,3105,2356,1425,2258,590,12834,12835,12835,12835,12834,12835,12836,12836,12836,12834,12833,11089,5712,1848]} 1. e4 e6 2. d4 d5 3. Nd2 a5 4. c3 a4 5. a3 $146 ({Predecessor:} 5. Ngf3 Be7 6. Bb5+ Bd7 7. Bd3 dxe4 8. Nxe4 Nf6 9. Ne5 Nc6 10. Nxd7 Qxd7 11. O-O Nxe4 12. Bxe4 {0-1 (42) Vachier Lagrave,M (2745)-Nepomniachtchi,I (2721) Beijing 2013}) 5... c5 6. Ngf3 {C03: French Tarrasch: Unusual Black 3rd moves} Nf6 7. exd5 exd5 8. Bd3 {White has an edge.} Be7 9. O-O O-O 10. Ne5 cxd4 11. cxd4 Nc6 12. Ndf3 Qb6 13. Bc2 Qa6 14. Re1 {[#] Nxc6 is the strong threat.} Be6 15. Ng5 Nxe5 16. dxe5 Ne4 $1 {[%cal Re4g5]} 17. Nxe4 dxe4 18. Bxe4 Rfd8 19. Qf3 Rd7 20. h4 {[%cal Bh2h4,Bh4h5][%mdl 32]} Qb5 21. Qg3 Qb3 22. Kh2 Rad8 23. h5 f5 24. exf6 (24. Bf3 $16) 24... Bxf6 25. Bf3 $1 $40 {[%mdl 128] White wants a kill.} Bf5 26. Bg5 {Hoping for Bxf6.} Qxb2 27. Bxf6 Qxf6 28. Re5 Be6 29. Rae1 {[%cal Ba1e1,Be1e3,Be3e7][%mdl 32]} Bf7 30. Be4 Rd2 31. f4 Ra2 (31... Bd5 $11 {remains equal.}) 32. Bxb7 $16 Rd4 (32... Kh8 $16 {might work better.}) 33. Be4 Rd8 34. Re3 Rf8 $2 {[%mdl 8192]} (34... Rad2 $16 {is more resistant.} 35. Rc3 Kh8) 35. Rf5 $18 Qd4 36. Qf3 $2 (36. h6 $18 {and White stays clearly on top.} g6 37. Re5) 36... Rb2 $2 {[%mdl 8192] [#]} (36... Rd2 $16) 37. Rxf7 $1 {[%mdl 512]} Rxf7 38. Bd5 {[%cal Re3e8]} Rb8 $2 (38... Kf8 39. Re4 Qxd5 40. Re8+ Kxe8 41. Qxd5 Rbb7) 39. Re7 {White is clearly winning.} Rbf8 40. Qe4 (40. h6 $142 Qf6 41. Bxf7+ Kh8 42. hxg7+ Qxg7 43. Qh5) 40... Qxe4 41. Rxe4 ({Less strong is} 41. Bxf7+ Rxf7 42. Rxe4 Rf5 $18) 41... Rd8 42. Bxf7+ Kxf7 43. Rxa4 {[%mdl 4096] Endgame KR-KR} Rd3 44. Ra5 Kf6 45. g3 h6 46. Kh3 Rc3 47. Kg4 Rd3 48. Ra8 Rc3 49. a4 (49. Ra6+ $142 Ke7 50. Ra7+ Kf6 51. a4) 49... Ra3 50. a5 {[%cal Ba4a5,Ba5a6,Ba6a7][%mdl 32]} Kf7 51. a6 Ra5 52. a7 Ra3 53. Kh3 Ra5 54. Kg2 Ra3 55. Kf2 Ra1 56. g4 {Precision: White = 51%, Black = 27%.} 1-0

[Event "Top 12 FRA-chT 2017"]
[Site "Chartres"]
[Date "2017.05.26"]
[Round "9"]
[White "Degraeve, Jean-Marc"]
[Black "Van Wely, Loek"]
[Result "0-1"]
[WhiteElo "2592"]
[BlackElo "2663"]
[Annotator "TA"]
[PlyCount "77"]
[EventDate "2017.??.??"]
[EventType "team-tourn"]
[EventCountry "FRA"]
[SourceTitle "playchess.com"]
[Source "ChessBase"]
[SourceQuality "1"]
[WhiteTeam "Saint Quentin"]
[BlackTeam "Clichy"]

{[%evp 26,77,26,29,82,81,87,91,84,73,77,61,78,67,143,17,17,22,18,12,12,12,14,12,13,11,12,24,24,0,0,-12,0,-14,0,0,0,0,0,-160,0,-10,-10,-10,-10,-149,-156,-154,-151,-152,-160,-432,-430,-522]} 1. e4 c5 2. Nc3 e6 3. Nf3 a6 4. d4 cxd4 5. Nxd4 Qc7 6. Bd3 Nf6 7. f4 d6 8. O-O Nbd7 9. Kh1 b5 10. Qe2 Bb7 11. Bd2 Be7 12. b4 O-O 13. a4 {B82: Sicilian Scheveningen: 6 f4} bxa4 14. Nxa4 {LiveBook: 3 Games} (14. Rxa4 Rfc8 15. Raa1 g6 16. Nf3 Bf8 17. Rae1 Bg7 18. Nd1 d5 19. exd5 Nxd5 20. Ne5 Nxe5 21. fxe5 {0-1 (59) Sprenger,J (2512)-Van Wely,L (2685) Novi Sad 2016}) 14... d5 (14... Rfe8 $11) 15. e5 $16 {White is better.} Ne4 16. Be1 $1 Nb6 17. Nb2 $146 ({Predecessor:} 17. f5 Nxa4 18. f6 Qxe5 19. fxe7 Rfe8 20. Bxe4 dxe4 {½-½ (94) Olivares Olivares,C (2240)-Henriquez Villagra,C (2416) Punta Arenas 2014}) 17... Rfd8 18. Qe3 Rac8 {[#]} 19. c4 $1 {[%mdl 512]} Nd2 (19... dxc4 $14 20. Bxe4 c3) (19... Nxc4 20. Nxc4) 20. Bxd2 (20. Qxd2 $16 dxc4 21. Bc2) 20... dxc4 $11 21. Be4 c3 22. Rac1 {[%cal Rc1c3]} Bxe4 23. Qxe4 Bxb4 {White must now prevent ...Qd7.} 24. Bxc3 Bxc3 25. Ne2 Bxb2 26. Rxc7 Rxc7 27. Qb4 Nc4 28. Rb1 a5 29. Qb5 Ba3 (29... Ra8 $5 {[%cal Ra5a4]} 30. Qa4 (30. Rxb2 Nxb2 31. Qxb2 a4 $11) 30... Rcc8 $11) 30. h3 Bb4 31. Qa6 Ne3 {[#]} 32. Nd4 $1 {[%mdl 512]} h5 $2 (32... Rxd4 $17 33. Rxb4 Rd1+ 34. Kh2 g6) 33. Nc6 Rdc8 34. Nxb4 axb4 35. Qb6 (35. f5 $1 $11 {remains equal.} Nxf5 36. Rxb4) 35... Nd5 $1 $36 {[%csl LRb6,LRf4][%mdl 2048] Black is really pushing.} 36. Qd6 {[#] intending f5!} Rc6 $1 {[%cal Rc6d6]} 37. Qd7 {[#]} g6 $1 ({Don't play} 37... Nxf4 $6 38. Rxb4 R6c7 39. Qa4 $11) 38. h4 $2 (38. Kh2 $17) 38... Kg7 $19 39. Ra1 {Precision: White = 49%, Black = 57%.} 0-1

[Event "Top 12 FRA-chT 2017"]
[Site "Chartres"]
[Date "2017.05.26"]
[Round "9"]
[White "Tregubov, Pavel V"]
[Black "Sumets, Andrey"]
[Result "1/2-1/2"]
[WhiteElo "2584"]
[BlackElo "2566"]
[Annotator "TA"]
[PlyCount "84"]
[EventDate "2017.??.??"]
[EventType "team-tourn"]
[EventCountry "FRA"]
[SourceTitle "playchess.com"]
[Source "ChessBase"]
[SourceQuality "1"]
[WhiteTeam "Clichy"]
[BlackTeam "Saint Quentin"]

{[%evp 27,84,23,35,10,44,47,54,16,49,39,50,36,36,40,46,39,38,43,92,86,84,88,184,169,176,160,210,206,200,208,208,209,215,125,163,164,188,124,251,235,615,641,577,181,178,-87,-86,-85,-88,-85,-89,-77,-60,-65,-29,-42,-42,-41,-34]} 1. d4 Nf6 2. c4 e6 3. Nc3 Bb4 4. e3 c5 5. Bd3 O-O 6. Nge2 cxd4 7. exd4 d5 8. cxd5 Nxd5 9. O-O Nc6 10. Nxd5 exd5 {E48: Nimzo-Indian: Rubinstein: 5 Bd3 d5 including 6 Ne2, but excluding 6 a3} 11. Nf4 Bd6 12. Re1 Qf6 13. Nxd5 Qxd4 14. Be3 Qg4 {LiveBook: 3 Games} 15. Be2 (15. h3 Qxd1 16. Raxd1 Be6 17. Be4 Rad8 18. a3 Bb8 19. f4 Rfe8 20. Kf2 Bxh3 21. Bxh7+ Kxh7 22. Rh1 f5 23. Rxh3+ Kg6 24. Rhh1 Kf7 25. Kf3 {½-½ (25) Le,Q (2712)-Wei,Y (2725) Ho Chi Minh City 2017}) 15... Qh4 16. g3 Qd8 17. Bf1 $146 ({Predecessor:} 17. Qd2 Be6 18. Red1 {0-1 (57) Lomineishvili,M (2397)-Dzagnidze,N (2452) Elista 2004}) 17... Bf5 18. Bg2 Re8 19. Qb3 Qd7 20. Red1 Rac8 {[#] And now ...Na5 would win.} 21. Qb5 a6 22. Qb6 Bh3 23. Bxh3 Qxh3 24. Qxb7 Na5 (24... Ne5 $16 {was called for.} 25. Nf4 Qh6) 25. Qxa6 $18 Nc4 {Black wants to play ...Ne5.} 26. Rd4 Nxe3 27. Nxe3 Bc5 28. Rh4 Qd7 {Threatens to win with ...Rxe3.} 29. Rd1 Qe7 30. Re1 (30. Nd5 $18 Qe2 31. Qxe2 Rxe2 32. b4) 30... g6 31. Rc4 Qd7 32. Qa4 (32. Rd1 $18 Qe7 33. Rc3) 32... Qd6 (32... Qxa4 $16 33. Rxa4 Bxe3) 33. Qc2 Rc7 $2 (33... Qf8 34. a4 Bxe3) 34. Rd1 Qb6 {[#]} 35. Nd5 $2 (35. b4 $1) 35... Bxf2+ 36. Kf1 $2 ({White must play} 36. Qxf2 $18 Qxf2+ 37. Kxf2 Rxc4 38. Nf6+ Kf8 39. Nxe8 Kxe8 40. Ke3) 36... Rxc4 $17 37. Qxc4 Qxb2 38. Qd3 {Rd2 is the strong threat.} Ba7 {[%csl Ga7][%cal Rb2f2]} 39. Rd2 Qa1+ 40. Kg2 h5 41. Qf3 Kg7 42. Qc3+ Qxc3 {Precision: White = 58%, Black = 34%.} 1/2-1/2

[Event "Top 12 FRA-chT 2017"]
[Site "Chartres"]
[Date "2017.05.26"]
[Round "9"]
[White "Heimann, Andreas"]
[Black "Solodovnichenko, Yuri"]
[Result "1-0"]
[WhiteElo "2573"]
[BlackElo "2576"]
[Annotator "TA"]
[PlyCount "83"]
[EventDate "2017.??.??"]
[EventType "team-tourn"]
[EventCountry "FRA"]
[SourceTitle "playchess.com"]
[Source "ChessBase"]
[SourceQuality "1"]
[WhiteTeam "Mulhouse Philidor"]
[BlackTeam "Vandoeuvre"]

{[%evp 21,83,85,76,78,76,73,82,75,67,72,71,68,79,63,114,113,252,270,254,275,268,121,116,93,103,106,110,102,125,88,104,81,87,91,117,112,116,125,146,133,294,268,468,461,491,503,490,502,488,494,485,477,447,474,1938,1881,1810,1699,45,1396,1839,1769,1542,1605]} 1. d4 d5 2. c4 c6 3. cxd5 cxd5 4. Nf3 Nf6 5. Nc3 Nc6 6. Bf4 Bf5 7. e3 e6 8. Qb3 Bb4 9. Ne5 {D14: Slav Defence: Exchange variation with ...Bf5} O-O (9... Qb6 10. Nxc6 bxc6 11. Be2 Ne4 12. f3 Nxc3 13. bxc3 Be7 14. O-O O-O 15. c4 c5 16. cxd5 Qxb3 17. axb3 exd5 18. dxc5 Bxc5 {½-½ (38) Aronian,L (2784)-Vachier Lagrave,M (2788) Stavanger 2016}) 10. Nxc6 Bxc3+ 11. Qxc3 bxc6 {LiveBook: 6 Games} 12. Qa3 Qb6 13. Ba6 {[#]} Nd7 $146 ({Predecessor:} 13... Ne4 14. f3 Nf6 15. Rc1 Nd7 16. Rc3 e5 17. dxe5 {1-0 (33) Salgado Lopez,I (2592)-Najer,E (2665) Rijeka 2010}) 14. Rc1 {[%cal Ba1c1,Bc1c3,Bc3b3][%mdl 32]} f6 15. Bd6 Rfe8 16. O-O e5 17. dxe5 fxe5 (17... Re6 $14) 18. Rc3 $16 Re6 (18... Nb8 $16) 19. Rb3 $1 $18 Qd8 20. Bb7 Rg6 21. e4 (21. Bxa8 $6 Qxa8 22. f3 a5 $18) (21. Bxc6 $18 {has better winning chances.} Be4 22. f3) 21... Bxe4 $16 {[#]} 22. Rg3 $1 {[%cal Rg3g6] Strongly threatening Rxg6.} Re6 23. Bxa8 ({Much weaker is} 23. Bxc6 Rc8 $11) 23... Qxa8 24. Re1 Bg6 25. f4 {[%cal Rf4e5]} e4 26. Bc5 Nxc5 27. Qxc5 Qb8 28. Rb3 Qc7 29. Rc1 Bf7 {[#]} ({Wrong is} 29... Qxf4 $2 30. Rf1 $18) 30. Ra3 $1 Qxf4 $2 (30... Re7 $16) 31. Rxa7 $18 Be8 $2 (31... Qe5 32. Ra8+ (32. Rf1 Rf6 $18) 32... Be8) 32. Rf1 Qd6 33. Qxd6 Rxd6 {[%mdl 4096] Endgame KRR-KRB} 34. Ra8 {[%cal Ra8e8]} Re6 35. a4 e3 36. a5 d4 {...d3 would now be nice for Black.} 37. Rd8 c5 {[#]} (37... e2 $142) 38. a6 $1 {[%mdl 512]} e2 (38... Rxa6 39. Rxe8#) 39. a7 exf1=Q+ 40. Kxf1 Kf7 41. a8=Q Bb5+ 42. Kg1 {Precision: White = 77%, Black = 45%.} 1-0

[Event "Top 12 FRA-chT 2017"]
[Site "Chartres"]
[Date "2017.05.26"]
[Round "9"]
[White "Donchenko, Alexander"]
[Black "Istratescu, Andrei"]
[Result "1-0"]
[WhiteElo "2563"]
[BlackElo "2596"]
[Annotator "TA"]
[PlyCount "55"]
[EventDate "2017.??.??"]
[EventType "team-tourn"]
[EventCountry "FRA"]
[SourceTitle "playchess.com"]
[Source "ChessBase"]
[SourceQuality "1"]
[WhiteTeam "Vandoeuvre"]
[BlackTeam "Mulhouse Philidor"]

{[%evp 9,55,0,16,7,13,8,20,17,37,27,59,52,60,45,52,47,64,37,32,1,112,82,95,85,82,85,112,87,101,101,95,100,120,119,218,227,184,154,550,409,623,602,2486,2051,29996,29997,29997,29998]} 1. Nf3 d5 2. d4 Nf6 3. c4 c6 4. Qc2 dxc4 5. Qxc4 Bg4 6. Nc3 {D23: Queen's Gambit Accepted: 3 Nf3 Nf6 sidelines} (6. Nbd2 Nbd7 7. g3 e6 8. Bg2 Bd6 9. Qb3 Nb6 10. Ne5 Bh5 11. Ndc4 Bxe5 12. dxe5 Nxc4 13. Qxc4 Qa5+ 14. Bd2 Qxe5 {1-0 (50) Ivanchuk,V (2747)-Dreev,A (2652) Doha 2016}) 6... Nbd7 7. Bf4 Bxf3 8. gxf3 {The position is equal.} g6 9. e4 $146 ({Predecessor:} 9. Rd1 Bg7 10. e4 O-O 11. Qb3 Nh5 12. Be3 Qc7 13. e5 Kh8 14. Ne4 f6 15. Rg1 fxe5 16. Bg5 exd4 17. Rxd4 Bxd4 {0-1 (17) Gonzales,J (2435)-Kazhgaleyev,M (2619) Manila 2010}) 9... Nb6 10. Qb3 $1 Bg7 11. Be3 Qc7 12. Be2 O-O 13. a4 e6 14. h4 Rfc8 {[#]} (14... Nh5 $11 {remains equal.}) 15. f4 $1 $16 Nbd7 16. h5 c5 17. hxg6 hxg6 {next ...cxd4 is good for Black.} 18. e5 $36 {[%mdl 2048] Black is under strong pressure.} cxd4 19. Bxd4 ({Inferior is} 19. exf6 Bxf6 20. Ne4 (20. Nb5 $2 Qc6 $19) 20... dxe3 $17) 19... Qc6 20. Rh3 {[%cal Bh1h3,Bh3g3,Bg3g7][%mdl 32]} Nh5 21. Bxh5 Qg2 (21... gxh5 $16 22. O-O-O Nf8) 22. Ne2 $18 gxh5 23. f5 ({Resist} 23. Rxh5 $6 Nf8 $16) 23... exf5 $2 {[#]} (23... Qg4 $16 {is more resistant.}) 24. Rg3 Qh1+ (24... Qe4 $142 25. f3 Qh4) 25. Kd2 Qxa1 26. e6 Nb6 27. Rxg7+ Kf8 28. Qb4+ {Precision: White = 90%, Black = 32%.} 1-0

[Event "Top 12 FRA-chT 2017"]
[Site "Chartres"]
[Date "2017.05.26"]
[Round "9"]
[White "David, Alberto"]
[Black "Barbot, Pierre"]
[Result "1-0"]
[WhiteElo "2548"]
[BlackElo "2456"]
[Annotator "TA"]
[PlyCount "67"]
[EventDate "2017.??.??"]
[EventType "team-tourn"]
[EventCountry "FRA"]
[SourceTitle "playchess.com"]
[Source "ChessBase"]
[SourceQuality "1"]
[WhiteTeam "Saint Quentin"]
[BlackTeam "Clichy"]

{[%evp 17,67,16,42,12,16,-27,-20,-25,0,0,0,-9,0,0,0,0,49,33,37,28,89,64,92,96,67,95,72,71,90,114,28,27,27,27,53,57,81,68,126,41,41,41,47,72,54,58,6477,6403,5497,5497,5406,5397]} 1. e4 e5 2. Nf3 Nc6 3. Bb5 {[%cal Bf1b5,Bb5a4,Ba4b3][%mdl 32]} g6 4. c3 a6 5. Ba4 Bg7 (5... d6 6. d4 Bd7 7. dxe5 Nxe5 8. Nxe5 dxe5 9. Be3 Nf6 10. Nd2 b5 11. Bb3 Bd6 12. Qf3 h6 13. a4 Rb8 14. axb5 axb5 15. O-O {1-0 (36) Sutovsky,E (2650)-Rodshtein,M (2701) Poikovsky 2017}) 6. d4 {C70: Ruy Lopez: 3...a6 4 Ba4, Norwegian and Delayed Schliemann} exd4 7. cxd4 b5 8. Bb3 Nge7 9. Nc3 O-O {LiveBook: 28 Games} 10. d5 Na5 11. d6 $146 ({Predecessor:} 11. Be3 d6 12. Bd4 f6 13. O-O Nxb3 14. Qxb3 {½-½ (57) Sosa,T (2385)-Villanueva,M (2436) Buenos Aires 2015}) 11... cxd6 12. Qxd6 Nxb3 (12... Re8 {is interesting.} 13. O-O Bb7 14. Bg5 h6 15. Bh4 g5) 13. axb3 Bb7 14. O-O Nc8 15. Qd3 Nb6 16. Bg5 Qb8 17. Qe3 Bc6 18. Bh6 Re8 (18... Bxh6 $1 $11 19. Qxh6 f6) 19. Bxg7 $16 Kxg7 20. Rfe1 Kg8 21. Qd4 a5 22. e5 b4 23. Ne4 Bxe4 24. Rxe4 d6 $1 25. h4 dxe5 26. Rxe5 Rxe5 27. Nxe5 h5 (27... Qd8 $1 $14 28. Qxd8+ Rxd8) 28. Rc1 (28. Rd1 $16 {And now g4 would win.} Qe8 29. Nxg6 fxg6 30. Qxb6) 28... Qd8 $1 $14 {[%cal Rd8d4]} 29. Qf4 Qe7 30. Nxg6 fxg6 31. Rc6 $1 $40 {[%csl LRb6,LRg6][%mdl 128] White is up to no good.} Qf7 $2 {[%mdl 8192] [#]} (31... Kh7 $14) 32. Qh6 $18 {White is clearly winning.} Qh7 33. Rxg6+ Kh8 34. Qg5 {Precision: White = 65%, Black = 40%.} 1-0

[Event "Top 12 FRA-chT 2017"]
[Site "Chartres"]
[Date "2017.05.26"]
[Round "9"]
[White "Libiszewski, Fabien"]
[Black "Maze, Sebastien"]
[Result "1/2-1/2"]
[WhiteElo "2544"]
[BlackElo "2619"]
[Annotator "TA"]
[PlyCount "28"]
[EventDate "2017.??.??"]
[EventType "team-tourn"]
[EventCountry "FRA"]
[SourceTitle "playchess.com"]
[Source "ChessBase"]
[SourceQuality "1"]
[WhiteTeam "Grasse Echecs"]
[BlackTeam "Bischwiller"]

{[%evp 17,19,0,10,0]} 1. e4 e5 2. Nf3 Nc6 3. Bb5 Nf6 4. d3 Bc5 5. O-O Nd4 6. Nxd4 Bxd4 7. c3 {C65: Ruy Lopez: Berlin Defence (3...Nf6), unusual lines and 4 0-0 Bc5} (7. Nd2 c6 8. Ba4 d6 9. Bb3 O-O 10. c3 Bb6 11. Nc4 h6 12. Qf3 Bc7 13. Ne3 Be6 14. g4 d5 {½-½ (63) Nepomniachtchi,I (2740)-Anand,V (2776) Moscow 2016}) 7... Bb6 8. Na3 c6 9. Ba4 d6 {LiveBook: 14 Games} 10. Bc2 {Predecessor:} O-O $146 11. Nc4 Bc7 12. Ne3 d5 13. Qf3 Be6 14. Nf5 Ne8 {½-½ (33) Khusnutdinov,R (2458)-Ganguly,S (2668) Doha 2016} 1/2-1/2

[Event "Top 12 FRA-chT 2017"]
[Site "Chartres"]
[Date "2017.05.26"]
[Round "9"]
[White "Pelletier, Yannick"]
[Black "Wirig, Anthony"]
[Result "1/2-1/2"]
[WhiteElo "2543"]
[BlackElo "2486"]
[Annotator "TA"]
[PlyCount "90"]
[EventDate "2017.??.??"]
[EventType "team-tourn"]
[EventCountry "FRA"]
[SourceTitle "playchess.com"]
[Source "ChessBase"]
[SourceQuality "1"]
[WhiteTeam "Bischwiller"]
[BlackTeam "Grasse Echecs"]

{[%evp 23,90,13,18,25,24,12,20,-10,-8,-7,-7,-12,0,-6,0,0,0,0,22,22,59,55,70,69,104,81,112,106,111,104,104,88,90,90,85,87,107,104,120,116,114,103,135,83,78,63,47,16,30,0,0,0,0,-8,-8,-8,-8,-15,-15,-15,-15,-15,-15,-15,0,0,0,-8,-8]} 1. d4 d5 2. c4 c6 3. Nf3 Nf6 4. Nc3 e6 {[%cal Be7e6,Be6e5][%mdl 32]} 5. e3 Nbd7 6. Qc2 Bd6 7. b3 O-O 8. Be2 e5 9. cxd5 cxd5 10. Nb5 Bb4+ 11. Bd2 Bxd2+ 12. Nxd2 a6 13. dxe5 {D45: Semi-Slav: 5 e3} Nxe5 14. Nd4 Bg4 15. f3 (15. Bxg4 Nfxg4 16. O-O Rc8 17. Qf5 g6 18. Qf4 Re8 19. Rad1 Nf6 20. Qg5 Ne4 21. Qxd8 Rexd8 {½-½ (38) Giri,A (2785)-Vallejo Pons,F (2710) Moscow 2017}) 15... Rc8 16. Qb2 Bd7 {[#]} 17. Kf2 $146 ({Predecessor:} 17. O-O Qb6 18. Rfc1 Rfe8 19. Rxc8 Bxc8 20. Rc1 Bd7 {1-0 (63) Rustemov,A (2607)-Hector,J (2552) Copenhagen 2001}) 17... Qb6 18. Rhc1 Nc6 19. Nxc6 Rxc6 20. Rxc6 Bxc6 21. Rc1 Bb5 22. Qd4 Qa5 23. Bxb5 axb5 24. Rc2 h5 25. Nf1 Qa6 26. Ng3 Qe6 27. h4 Rc8 28. Rxc8+ Qxc8 29. Qd3 b4 30. Ne2 Qc5 31. Qd2 Qa5 32. Nf4 g6 33. Nd3 ({White should play} 33. Ke1) 33... d4 $16 34. e4 Nd7 $1 35. Nxb4 Nc5 $1 {[#] And now ...Qxb4! would win.} 36. Ke2 ({Much worse is} 36. Qxd4 Qxb4 37. Qxb4 Nd3+ 38. Ke3 Nxb4 $15) (36. a3 $5) 36... Qb5+ {The position is equal.} 37. Nd3 Qa6 38. Qc2 Nxd3 39. Qxd3 Qxa2+ $11 {[%mdl 4096] Endgame KQ-KQ} 40. Qd2 Qxb3 {White should prevent ...Qc4+.} 41. Qxd4 Qc2+ 42. Kf1 Qc7 43. Qd5 Qe7 44. Qb5 Qc7 45. Kf2 b6 {Precision: White = 62%, Black = 53%.} 1/2-1/2

[Event "Top 12 FRA-chT 2017"]
[Site "Chartres"]
[Date "2017.05.26"]
[Round "9"]
[White "Demuth, Adrien"]
[Black "Decosse, Jean-Fabien"]
[Result "1-0"]
[WhiteElo "2542"]
[BlackElo "2216"]
[Annotator "TA"]
[PlyCount "67"]
[EventDate "2017.??.??"]
[EventType "team-tourn"]
[EventCountry "FRA"]
[SourceTitle "playchess.com"]
[Source "ChessBase"]
[SourceQuality "1"]
[WhiteTeam "Nice Alekhine"]
[BlackTeam "Lisieux"]

{[%evp 21,67,0,0,0,0,0,0,0,0,-28,0,0,0,0,12,2,0,18,62,46,53,58,66,64,178,132,198,172,165,165,165,161,1075,1097,1105,1096,1040,1022,1093,1141,1346,1367,1094,302,29988,29989,29997,29998]} 1. d4 Nf6 2. c4 e6 3. Nf3 Bb4+ 4. Bd2 c5 5. e3 b6 6. Bd3 Bb7 7. O-O O-O 8. Nc3 cxd4 9. exd4 d5 10. cxd5 Nxd5 11. a3 Be7 12. Re1 {E43: Nimzo-Indian: Rubinstein: 4...b6} Nd7 13. Qe2 Rc8 (13... h6 14. Ne4 Rc8 15. Ng3 Rc7 16. Rad1 N7f6 17. Ne5 Bd6 18. Bb1 Qc8 19. Nh5 Re8 {0-1 (34) Valenzuela Gomez,F (2409)-Mareco,S (2610) San Salvador 2016}) 14. Ne4 {The position is equal.} N7f6 15. Neg5 $146 ({Predecessor:} 15. Rad1 Qc7 16. Ne5 Nxe4 17. Qxe4 Nf6 {1-0 (53) Krueger,S (1936)-Wiege,A (2085) Vellmar 2016}) 15... Bd6 16. Ne5 Qe7 17. Rad1 b5 {[%cal Bb6b5,Bb5b4][%mdl 32]} 18. Bb1 b4 19. a4 b3 20. Qd3 {[%cal Rg5h7]} h6 21. Nh7 Rfd8 22. Nxf6+ Qxf6 {[#]} (22... Nxf6 $14 23. Qxb3 Nd5) 23. Qh7+ $1 $18 ({Don't take} 23. Qxb3 $6 Ba6 $16) 23... Kf8 {[#]} 24. Ng4 $1 {[%cal Rg4f6]} Qh4 25. Qh8+ Ke7 26. Qxg7 $40 {[%mdl 128] White has strong attack.} Rg8 $2 (26... Nf4 27. Bxf4 Bxf4) 27. Rxe6+ $1 Kxe6 28. Re1+ Kd7 29. Qxf7+ Ne7 30. Nf6+ Kc7 31. Rxe7+ Bxe7 32. Nxg8 $2 (32. Qxe7+ Kb8 33. Nd7+ Ka8 34. Qxh4 Bxg2 35. f3 Bh3+ 36. Kf2 Bxd7 37. Be4+ Bc6 38. d5) 32... Kd8 $2 (32... Qxd4 $18 33. Nxe7 Qxd2 34. Nxc8+ Kb8) 33. Ba5+ Kd7 34. Bf5+ {Precision: White = 73%, Black = 40%.} 1-0